000 00580nam a22001697a 4500
005 20231124132112.0
008 231124b |||||||| |||| 00| 0 eng d
020 _a9789991640921 ; 9783941602410
041 _aEnglish
082 _a340.5 HIN
100 _lEnglish
245 _aIn Search of Justice and Peace :
_bTraditional and Informal Justice Systems in Africa /
_cedited by MO Hinz
260 _aWindhoek :
_bNamibia Scientific Society,
_c2010
300 _bviii, 463 pages ;
_c25 cm.
650 _aLegal practice
_bLaw
942 _cBK
_6ALISON_BN_VRIES
999 _c950
_d950